| 000 | 00483nam a22001817a 4500 | ||
|---|---|---|---|
| 003 | OSt | ||
| 005 | 20160823132828.0 | ||
| 008 | 160823b xxu||||| |||| 00| 0 eng d | ||
| 020 | _a0750671696 | ||
| 040 | _cDNLM. | ||
| 082 | _aWE550N398 2002. | ||
| 100 |
_aKatirji,Bashar; _910903 |
||
| 245 | _aNeuromuscular Disorders in clinical Practice. | ||
| 300 |
_axix,1432p; _bill. _c26cm. |
||
| 504 | _areferences and index are included. | ||
| 650 |
_aMuscles. _910904 |
||
| 942 |
_2z _cO_SHELF |
||
| 999 |
_c5076 _d5076 |
||